Loading...
Investment Analysis and Portfolio Management
| Main Author: | |
|---|---|
| Other Authors: | |
| Format: | Printed Book |
| Language: | Undetermined English |
| Published: |
Delhi
Pearson Education
2006
|
| Subjects: |
| LEADER | 00664nam a2200205Ia 4500 | ||
|---|---|---|---|
| 008 | 140306s9999 xx 000 0 und d | ||
| 020 | |a 8177582291 | ||
| 041 | |a eng | ||
| 082 | |a 332.6 |b RAN/IN | ||
| 100 | |a Madhumathi, R | ||
| 245 | |a Investment Analysis and Portfolio Management | ||
| 260 | |a Delhi |b Pearson Education |c 2006 | ||
| 300 | |a 526 | ||
| 365 | |b Rs.275/- | ||
| 650 | |a Portfolio Management | ||
| 650 | |a Stock Exchanges in India | ||
| 700 | |a Ranganatham, M | ||
| 942 | |2 ddc |c BK | ||
| 999 | |c 188189 |d 188189 | ||
| 952 | |0 0 |1 0 |2 ddc |4 0 |6 332_600000000000000_RAN_IN |7 0 |9 194332 |a KAUCBV |b KAUCBV |d 2011-12-08 |g 275.00 |l 7 |o 332.6 RAN/IN |r 2019-05-07 |s 2019-05-07 |w 2014-03-22 |y BK | ||